Normal view
MARC view
Entry Personal Name
001 - CONTROL NUMBER
- control field: 17398
003 - CONTROL NUMBER IDENTIFIER
- control field: OSt
005 - DATE AND TIME OF LATEST TRANSACTION
- control field: 20230215094705.0
008 - FIXED-LENGTH DATA ELEMENTS
- fixed length control field: 230215|| aca||aabn | a|a d
040 ## - CATALOGING SOURCE
- Original cataloging agency: OSt
- Transcribing agency: OSt
100 ## - HEADING--PERSONAL NAME
- Personal name: အေးမောင်၊ ဦး(အငြိမ်းစားရဲ့တပ်ကြပ်ကြီး)
670 ## - SOURCE DATA FOUND
- Source citation: Work cat.: (OSt): အေးမောင်၊ ဦး(အငြိမ်းစားရဲ့တပ်ကြပ်ကြီး), သာသနဟိတဓဇနာယကရသေ့ကြီးဦးခန္တီ၏ထေရုပ္ပတ္တိနှင့်ရွှေမန်းတောင်သမိုင်းအကျဉ်း\, ၂၀၀၀